Statystyki dla Zgadnij miasto po jego konturach

Kliknij tutaj aby rozwiązać quiz!

Ogólne statystyki

  • Ten quiz został rozwiązany 68 razy
  • Średni wynik to 8 z 36

Statystyki odpowiedzi

Odpowiedź% Poprawnych
Warszawa
86%
Gdańsk
84%
Hel
68%
Kraków
63%
Szczecin
46%
Katowice
38%
Bydgoszcz
30%
Olsztyn
29%
Poznań
29%
Lublin
27%
Wrocław
27%
Łódź
23%
Opole
23%
Sopot
23%
Świętochłowice
20%
Sosnowiec
18%
Białystok
16%
Rzeszów
14%
Kielce
13%
Częstochowa
11%
Mysłowice
11%
Zamość
11%
Bielsko Biała
9%
Gliwice
7%
Kalisz
7%
Kłodzko
7%
Sandomierz
7%
Szczawnica
7%
Zabrze
7%
Nowy Sącz
4%
Siemianowice Śląśkie
4%
Żywiec
4%
Będzin
2%
Tarnowskie Góry
2%
Tychy
2%
Cieszyn
0%

Rozkład punktacji

Percentyl według liczby udzielonych odpowiedzi

Procent ludzi z każdym wynikiem

Twoja historia wyników

Nie rozwiązałeś tego quizu